Statistics for The 13 countries with Aircraft Carriers

Click here to take the quiz!

General Stats

  • This quiz has been taken 2,135 times
    (1,208 since last reset)
  • The average score is 12 of 13

Answer Stats

ContinentAmount of Aircraft CarriersCountry% Correct
N America19United States
100%
Asia1China
99%
Europe4France
99%
Europe1United Kingdom
99%
Eurasia1Russia
97%
Oceania2Australia
95%
Asia2India
95%
Asia3Japan
95%
S America1Brazil
94%
Europe2Italy
94%
Europe1Spain
91%
Asia1South Korea
87%
Asia1Thailand
72%

Score Distribution

Percentile by Number Answered

Percent of People with Each Score

Your Score History

You have not taken this quiz since the last reset